Environmental reviews = Dossiers environnement
保存先:
| 団体著者: | |
|---|---|
| フォーマット: | 雑誌 |
| 言語: | English |
| 出版事項: |
Ottawa :
National Research Council Canada,
c1993-
|
| タグ: |
タグ追加
タグなし, このレコードへの初めてのタグを付けませんか!
|
| Thư viện lưu trữ: | Thư viện Trường Đại học Đà Lạt |
|---|
| LEADER | 00597nam a2200241 4500 | ||
|---|---|---|---|
| 001 | DLU040030557 | ||
| 022 | # | # | |a 1181-8700 |
| 040 | # | # | |a DLU |b vie |
| 041 | # | # | |a eng |
| 245 | # | # | |a Environmental reviews = |b Dossiers environnement |
| 260 | # | # | |a Ottawa : |b National Research Council Canada, |c c1993- |
| 300 | # | # | |a v. : |b ill. ; |c 28 cm |
| 310 | # | # | |a Quarterly |
| 710 | # | # | |a National Research Council Canada |
| 992 | # | # | |a 0 |
| 994 | # | # | |a DLU |
| 900 | # | # | |a True |
| 911 | # | # | |a Thái Thị Thanh Thủy |
| 925 | # | # | |a G |
| 926 | # | # | |a A |
| 927 | # | # | |a TT |
| 980 | # | # | |a Thư viện Trường Đại học Đà Lạt |